Palmarès des équipes de Ligue 2 promues en Ligue 1 - Statistiques

Statistiques générales
  • Ce quiz a été pris 154 fois
    67 depuis la dernière actualisation
  • Le résultat moyen est 60 sur 70
Statistiques - réponses
Saison Réponse % Correct
AJ Auxerre
98%
2023 / 2024 AJ Auxerre
98%
AS Saint-Etienne
98%
2003 / 2004 AS Saint-Etienne
98%
RC Lens
98%
2008 / 2009 RC Lens
98%
RC Lens
98%
2019 / 2020 FC Lorient
95%
2024 / 2025 FC Lorient
95%
FC Lorient
95%
FC Lorient
95%
FC Nantes
95%
FC Nantes
95%
Stade Brestois
95%
2002 / 2003 Toulouse FC
95%
Stade Brestois
95%
2021 / 2022 Toulouse FC
95%
Angers SCO
94%
2018 / 2019 FC Metz
94%
FC Metz
94%
FC Metz
94%
2015 / 2016 AS Nancy-Lorraine
94%
FC Metz
94%
2006 / 2007 FC Metz
94%
2013 / 2014 FC Metz
94%
2004 / 2005 AS Nancy-Lorraine
94%
FC Metz
94%
SCO Angers
94%
Stade de Reims
94%
Paris FC
94%
2017 / 2018 Stade de Reims
94%
Montpellier HSC
92%
RC Strasbourg
90%
RC Strasbourg
90%
2016 / 2017 RC Strasbourg
90%
ES Troyes AC
89%
2020 / 2021 ES Troyes AC
89%
2014 / 2015 ES Troyes AC
89%
EA Guingamp
89%
ES Troyes AC
89%
ES Troyes AC
89%
2007 / 2008 Le Havre AC
89%
2022 / 2023 Le Havre AC
89%
Amiens SC
87%
2012 / 2013 AS Monaco
87%
2000 / 2001 FC Sochaux
87%
Montpellier HSC
87%
2011 / 2012 SC Bastia
85%
OGC Nice
85%
Clermont Foot 63
84%
Dijon FCO
82%
Dijon FCO
82%
SM Caen
82%
SM Caen
82%
SM Caen
82%
2009 / 2010 SM Caen
82%
2005 / 2006 Valenciennes FC
79%
Nîmes Olympique
79%
Le Mans UC
77%
Grenoble Foot 38
77%
Le Mans UC
77%
2010 / 2011 Evian Thonon Gaillard FC
73%
CS Sedan-Ardennes
68%
AC Arles-Avignon
66%
FC Istres
61%
GFC Ajaccio
60%
US Boulogne CO
56%
AC Ajaccio
50%
2001 / 2002 AC Ajaccio
50%
AC Ajaccio
50%
Aucun quiz correspondant
Distribution des résultats
% des personnes avec chaque résultat
Percentile par nombre de réponses
Votre historique - résultats
Vous n’avez pas pris ce quiz depuis la dernière actualisation